Operatoer theory 20 : proceedings of the 20th international conference on operator theory : Timisoara (Romania), June 30-July 5, 2004

Αποθηκεύτηκε σε:
Λεπτομέρειες βιβλιογραφικής εγγραφής
Συγγραφή απο Οργανισμό/Αρχή: International conference on Operator Theory
Άλλοι συγγραφείς: Davidson, Kenneth R. (Επιμελητής έκδοσης)
Μορφή: Βιβλίο
Γλώσσα:English
Δημοσίευση: Bucharest : Theta, 2006
Σειρά:Theta series in advanced mathematics ; ; 6
Θέματα:
Ετικέτες: Προσθήκη ετικέτας
Δεν υπάρχουν, Καταχωρήστε ετικέτα πρώτοι!

MARC

LEADER 00000nam a2200000 i 4500
001 1/84253
008 080509s2006 eng d
020 |a 973-85432-9-0 
020 |a 978-973-85432-9-4 
035 |l 10097143 
040 |a GR-MY-UA  |b gre  |e aacr 
041 0 |a eng 
082 0 |a 515.724  |2 (22) 
110 2 |a International conference on Operator Theory. 
245 1 0 |a Operatoer theory 20 :  |b proceedings of the 20th international conference on operator theory : Timisoara (Romania), June 30-July 5, 2004 /  |c edidet by Kenneth R. Davidson...[κ.ά.] 
260 |a Bucharest :   |b Theta,   |c 2006 
300 |a xii, 274 σ.;  |c 24 εκ. 
490 1 |a Theta series in advanced mathematics  |v ; 6 
504 |a Περιέχει βιβλιογραφικές αναφορές 
650 0 0 |a Operator theory  |x Congresses. 
700 1 |a Davidson, Kenneth R.  |4 edt 
830 0 |a Theta series in advanced mathematics ;  |v ; 6 
852 |a INST  |b SAMOS  |e 20080509  |h 515.724 INT  |p 005300030389  |q 005300030389  |t BK  |y 0 
901 |a BIBL3-2008-2 
909 |a Σ  |b 151650 
922 |a 3ΕΛΗ  |b 200803  |c ΕΠΕΑΕΚ2/ΤΜΗΜΑ ΜΑΘΗΜΑΤΙΚΩΝ  |d ΠΑΠΑΣΩΤΗΡΙΟΥ 
970 |a ΚΟΣΙΕΡΗΣ  |b ΧΡΗΣΤΟΣ  |z 2008/05/09